AI People: Guess their nationality - Statistics

General Stats
  • This quiz has been taken 149 times
  • The average score is 10 of 16
Answer Stats
Picture Answer % Correct
India
94%
Vietnam
89%
South Korea
86%
United States
84%
Nigeria
77%
Netherlands
67%
Peru
67%
Italy
62%
Democratic Republic of the Congo
54%
Morocco
54%
Sudan
48%
Samoa
44%
Poland
43%
Myanmar
41%
Guatemala
36%
Uzbekistan
23%
No matching quizzes found
Score Distribution
Percent of People with Each Score
Percentile by Number Answered
Your Score History
You have not taken this quiz